000 00825nam a2200253Ia 4500
003 OSt
005 20220925174203.0
006 a|||||r|||| 00| 0
007 ta
008 220923b |||||||| |||| 00| 0 eng d
037 _cGeneral Book
040 _aRTL
_cRTL
_beng
041 _2eng
_aeng
082 _aU18:M95(D:28).2.N7, M3
110 _aIndia Government of... Geological Survey
_9246211
245 0 _aPapers on role of photointerpretaiton and role sen
260 _aCalcutta
_bIndia Geological Survey India
_c1983
300 _aiii,179p. Bib chapterwise
_ccm.
490 _aGeological survey of India publicaiton ,48
650 _aGeography
700 _aIndia Government of... Geological Survey
_9246212
942 _hU18:M95(D:28).2.N7, M3
_cGB
_2CC
999 _c490279
_d490279